Market research matters : tools and techniques for aligning your business.
| Main Author: | |
|---|---|
| Other Authors: | |
| Format: | Book |
| Published: |
New York:
John Wiley & Sons,
2000.
|
| Subjects: |
| LEADER | 00466cam a2200157 7i4500 | ||
|---|---|---|---|
| 001 | 0000007699 | ||
| 005 | 20000606090000.0 | ||
| 020 | 0 | 0 | |a 0471360058 |
| 090 | 0 | 0 | |a B 658.8 |b DUB |
| 100 | 1 | 0 | |a Duboff |
| 245 | 1 | 0 | |a Market research matters : |b tools and techniques for aligning your business. |
| 260 | 0 | 0 | |a New York: |b John Wiley & Sons, |c 2000. |
| 300 | # | # | |a 312 p. |
| 650 | 0 | 0 | |a Marketing research |
| 700 | 1 | 1 | |a Spaeth, |h Jim |
| 999 | |a B000011548 |b Book |c Book |e Business Information Centre | ||


